000
00308nam a2200145Ia 4500
100
_a
Schield/F
942
_c
BK
654
_a
computer
245
_a
Introduction to computer science
260
_b
McGraw Hill
_a
Singapore
_c
1983
082
_a
1.64
_b
ROS
300
_a
281
546
_a
ENGLISH
999
_c
22346
_d
22346